000 00549nam a2200193Ia 4500
999 _c1831
_d1831
003 OSt
005 20221109135132.0
008 190216s9999||||xx |||||||||||||| ||und||
020 _a9788173716744
040 _coclc
082 _a576
_bANA/T
100 _aAnanthanarayan, R
_94889
245 0 _aTextbook Of Microbiology /
_cR Ananthanarayan ; C K Jayaram Paniker
250 _a8th Ed.
260 _bUniversities Press,
_c2010.
_aHyderbad:
300 _a746p
650 _aBotany
942 _cBK
_2ddc
_h576
_iANA/T
_k576
_mANA/T